000 00836nam a22002532 4500
001 16728
003 BD-RjUL
005 20211209000038.0
008 140215r19481946enkac 000 0 eng
035 _a(BD-RjUL)16783
040 _aDLC
_cFDA
_dFDA
_dEQO
_dBD-RjUL
_beng
041 _aeng
082 0 0 _a796.33
_bSUR 1948
100 1 _aSugden, Mark.
_951673
245 1 0 _aRugger: do it this way :
_blearn your rugger from photographs /
_cby Mark Sugden and Gerry Hollis, with photographs by John Barlee.
260 _aLondon :
_bJ. Murray,
_c1946 [reprinted 1948].
300 _avii, 44 (i.e. 76) p. :
_bincl. front. (ports.) illus. ;
_c22 cm.
500 _a"First edition 1946."
650 0 _aRugby football.
_950920
700 1 _aHollis, Gerald,
_cjoint author.
_951674
942 _2ddc
_cBK
999 _c16728
_d16728